LIBRARY & INFORMATION CENTRE, KCAET, TAVANUR

ONLINE PUBLIC ACCESS CATALOGUE (OPAC)

International encylopedia of sports and games, Vol. 3 / (Record no. 12199)

MARC details
000 -LEADER
fixed length control field 00478cam a2200181ua 4500
041 ## - LANGUAGE CODE
Language code of text/sound track or separate title eng
082 ## - DEWEY DECIMAL CLASSIFICATION NUMBER
Classification number 030.79603
Item number ASH/IN
100 ## - MAIN ENTRY--AUTHOR NAME
Personal name Ashokkumar, .
245 ## - TITLE STATEMENT
Title International encylopedia of sports and games, Vol. 3 /
250 ## - EDITION STATEMENT
Edition statement 1 /
260 ## - PUBLICATION, DISTRIBUTION, ETC. (IMPRINT)
Place of publication New Delhi :
Name of publisher Mittal Publications ,
Year of publication 2000.
300 ## - PHYSICAL DESCRIPTION
Number of Pages 756 ; .
942 ## - ADDED ENTRY ELEMENTS (KOHA)
Koha item type Books
Holdings
Withdrawn status Lost status Damaged status Home library Current library Date acquired Full call number Accession Number Koha item type
      KAUAET KAUAET 07/04/2012 030.79603 20596 Books
free website counter